01497 2200421 4500001002100000005001500021035002000036007000300056008004100059020002200100082001500122084001700137100003000154245025200184250003100436300002800467500001100495650002400506700002900530700003000559700003800589700002900627700003500656700003300691700003400724700003700758700003600795504003400831264003600865336002100901337003000922338002300952040002200975090002200997850001201019999002201031990002201053INLIS00000000089487820250409024021 a0010-0425000127ta250409s2024 yoi g ind d a978-623-8586-73-804223a616.07 a616.07 DEX p0 aDexaminda IrmaePengarang10aPatofisiologi gout dan rheumatoid arthritis /cDexaminda Irma, Kurnia Julita, Anggel Clendia, Ary Pangestuning Tiyas, Adinda Riyadi, Aorora Galuh Melvia, Dini Auliya Putri, Anisa Permata Sari, Ahmad Gustian Maryadi; penyunting, Fajrian Aulia Putra aCetakan Pertama, Juni 2024 ax, 140 halaman ;c23 cm aindeks 4aFisiologi patologis0 aKurnia JulitaePengarang0 aAnggel ClendiaePengarang0 aAry Pangestuning TiyasePengarang0 aAdinda RiyadiePengarang0 aAorora Galuh MelviaePengarang0 aDini Auliya PutriePengarang0 aAnisa Permata SariePengarang0 aAhmad Gustian MaryadiePengarang0 aFajrian Aulia PutraePenyunting aBibliografi : halaman 125-12831aSleman :bPenamuda Media,c2024 2rdacontentateks 2rdamediaatanpa perantara 2rdacarrieravolume aYOPDYOGbinderda aCB-D.11 2024-5929 aYOPDYOG aCB-D.11/2024-5929 aCB-D.11/2024-5929